书目信息 |
| 题名: |
绿地景观规划的理论与方法
|
|
| 作者: | 田国行 著 | |
| 分册: | ||
| 出版信息: | 北京 科学出版社 2006 |
|
| 页数: | 207页 | |
| 开本: | 26cm | |
| 丛书名: | ||
| 单 册: | ||
| 中图分类: | TU985.12 | |
| 科图分类: | ||
| 主题词: | 城市--绿化地--景观--绿化规划--研究 , 城市 , 绿化地 , 景观 , 绿化规划 | |
| 电子资源: | ||
| ISBN: | 7-03-017866-1 | |
| 000 | 01125nam0 2200313 450 | |
| 001 | 003264197 | |
| 005 | 20070805145252.53 | |
| 010 | @a7-03-017866-1@dCNY35.00 | |
| 035 | @a003264197 | |
| 100 | @a20060104d2006 em y0chiy0110 ea | |
| 101 | 0 | @achi |
| 102 | @aCN@b110000 | |
| 105 | @aa z 000yy | |
| 106 | @ar | |
| 200 | 1 | @a绿地景观规划的理论与方法@Alv di jing guan gui hua de li lun yu fang fa@f田国行著@Ftian guo xing zhu |
| 210 | @a北京@c科学出版社@d2006 | |
| 215 | @a207页@c图@d26cm | |
| 312 | @a封面英文题名:Studies of theory and method on landscape of green space | |
| 330 | @a全书九章,系统提出绿地景观规划的基本原理,提出了绿地景观安全格局构建的基本方法,运用RS和GIS技术,探讨了洛阳市绿地景观的生态服务功能、形态服务功能、文态服务功能和心态服务功能等。 | |
| 510 | 1 | @aStudies of theory and method on landscape of green space@zeng |
| 606 | 0 | @a城市@x绿化地@x景观@x绿化规划@x研究 |
| 606 | 0 | @a城市 |
| 606 | 0 | @a绿化地 |
| 606 | 0 | @a景观 |
| 606 | 0 | @a绿化规划 |
| 690 | @aTU985.12@v4 | |
| 701 | 0 | @a田国行@Atian guo xing@f(1964~)@4著 |
| 801 | 0 | @aCN@bNLC@c20070805 |
| 905 | @dTU985.12@e408@f4 | |
| 绿地景观规划的理论与方法/田国行著.-北京:科学出版社,2006 |
| 207页:图;26cm |
| ISBN 7-03-017866-1:CNY35.00 |
| 全书九章,系统提出绿地景观规划的基本原理,提出了绿地景观安全格局构建的基本方法,运用RS和GIS技术,探讨了洛阳市绿地景观的生态服务功能、形态服务功能、文态服务功能和心态服务功能等。 |
| ● |
| 相关链接 |
|
|
|
|
正题名:绿地景观规划的理论与方法
索取号:TU985.12/408
 
预约/预借
| 序号 | 登录号 | 条形码 | 馆藏地/架位号 | 状态 | 备注 |
| 1 | 0851792 | 208517924 | 第二样本阅览室/ [索取号:TU985.12/408] | 在馆 | |
| 2 | 0851793 | 208517933 | 第三借阅区/ [索取号:TU985.12/408] | 在馆 | |
| 3 | 0851794 | 208517942 | 第三借阅区/ [索取号:TU985.12/408] | 在馆 | |
| 4 | 0851795 | 208517951 | 第三借阅区/ [索取号:TU985.12/408] | 在馆 |